Normal view
MARC view
- Orti y Lara, Juan Manuel,
Entry Nombre Personal
001 - NUMERO DE CONTROL
- campo de control: 51427
003 - IDENTIFICADOR DE NUMERO DE CONTROL
- campo de control: DLC
005 - FECHA Y HORA DE LA ÜLTIMA TRANSACCIÓN
- campo de control: 20240320123135.0
008 - DATOS DE LONGITUD FIJA
- campo de control de longitud fija: 910723n| acannaabn || aaa c
010 ## - NÚMERO DE CONTROL DE LA BIBLIOTECA DEL CONGRESO
- Número de control LC: no 91018150
035 ## - NUMERO DE CONTROL
- Número de control: (OCoLC)oca02991076
040 ## - FUENTE DE CATALOGACIÓN
- Agencia original de catalogación: InU
- Lenguaje de catalogación: spa
- Agencia de transcripción: InU
- Agencia que lo modifica: OCoLC
- Agencia que lo modifica: MX-MxUPN
100 1# - ENCABEZAMIENTO - NOMBRE PERSONAL
- Nombre personal: Orti y Lara, Juan Manuel,
- Fechas asociadas con el nombre: 1826-1904
670 ## - FUENTE EN LA QUE SE LOCALIZARON DATOS
- Cita de la fuente: Donoso Cortés, J. Obras escogidas, 1932:
- Información localizada: portada (Juan Manuel Orti y Lara)
670 ## - FUENTE EN LA QUE SE LOCALIZARON DATOS
- Cita de la fuente: NUC pre-1956
- Información localizada: (hdg.: Orti y Lara, Juan Manuel, 1826-1904)
670 ## - FUENTE EN LA QUE SE LOCALIZARON DATOS
- Cita de la fuente: La inquisición, 1877:
- Información localizada: portada (Juan Manuel Orti y Lara)
902 ## - CATALOGADOR
- Catalogador: Víctor Ruiz/200324
